[Event "Faxe EMT 2009"]
[Site "Faxe"]
[Date "2009.04.01"]
[Round "3"]
[White "Strandsbjerg, Jens"]
[Black "Brinkhard, Anders"]
[Result "1/2-1/2"]
[WhiteElo "1529"]
[BlackElo "1432"]
[PlyCount "74"]
[EventDate "2009.??.??"]

1. d4 e6 2. c4 Nf6 3. Nc3 d5 4. e3 c6 5. Nf3 Bd6 6. h3 Nbd7 7. Bd3 h6 8. O-O
O-O 9. Re1 Re8 10. e4 dxe4 11. Nxe4 Nxe4 12. Bxe4 Nf6 13. Bc2 c5 14. dxc5 Bxc5
15. Be3 Bxe3 16. Rxe3 b6 17. Ba4 Rf8 18. Bc6 Rb8 19. b4 Bb7 20. Ne5 Qc7 21. b5
Rfd8 22. Qf3 Bc8 23. Rd1 Rxd1+ 24. Qxd1 Bb7 25. Bxb7 Rxb7 26. Nc6 Kh8 27. Rd3
Nd7 28. a4 Nc5 29. Rd8+ Kh7 30. Qc2+ g6 31. Qc3 e5 32. Qf3 Ne6 33. Rd5 Ng5 34.
Qf6 Ne4 35. Qf3 Ng5 36. Qd3 f6 37. h4 Ne6 1/2-1/2

[Event "Faxe EMT 2009"]
[Site "Faxe"]
[Date "2009.04.01"]
[Round "3"]
[White "Johannsen, Bjorn"]
[Black "Christoffersen, Ib"]
[Result "1-0"]
[WhiteElo "1499"]
[BlackElo "1421"]
[PlyCount "97"]
[EventDate "2009.??.??"]

1. d4 d5 2. Nf3 Nc6 3. Bf4 Bf5 4. c3 e6 5. e3 h6 6. Bb5 a6 7. Ba4 Bg4 8. h3 Bh5
9. g4 Bg6 10. Ne5 Nge7 11. Nd2 f6 12. Nxg6 Nxg6 13. Nf3 Nxf4 14. exf4 Bd6 15.
Qd2 Qe7 16. O-O-O g5 17. fxg5 fxg5 18. Kb1 Bf4 19. Qd3 b5 20. Bb3 O-O-O 21.
Rde1 Na5 22. Ne5 Bxe5 23. Rxe5 Nxb3 24. axb3 Rhf8 25. Rhe1 Rf6 26. Qe2 Rd6 27.
Kc1 c6 28. Rf5 Qf7 29. Rxf6 Qxf6 30. Qe5 Qxe5 31. Rxe5 Kd7 32. h4 Ke7 33. hxg5
hxg5 34. Rxg5 Kf7 35. Kd2 Rd8 36. Ke3 Rh8 37. Rh5 Rg8 38. Kf4 Kf6 39. g5+ Ke7
40. Ke5 Rg7 41. f4 a5 42. Rh6 Kd7 43. Rxe6 Rh7 44. g6 Rh5+ 45. f5 Rh4 46. Kf6
b4 47. g7 Rg4 48. Kf7 Rg5 49. g8=Q 1-0

[Event "Faxe EMT 2009"]
[Site "Faxe"]
[Date "2009.04.01"]
[Round "3"]
[White "Wehlast, Svend Erik"]
[Black "Toftvang, Ove"]
[Result "1-0"]
[WhiteElo "1479"]
[BlackElo "1355"]
[PlyCount "73"]
[EventDate "2009.??.??"]

1. d4 d5 2. Bf4 Nc6 3. a3 a6 4. Nf3 Nf6 5. e3 Nh5 6. Be5 Bg4 7. Be2 f6 8. h3
Bxf3 9. Bxf3 fxe5 10. Bxh5+ g6 11. Be2 e4 12. c4 Bg7 13. Nc3 e6 14. cxd5 exd5
15. Qb3 O-O 16. Qxd5+ Kh8 17. Qxd8 Raxd8 18. Nxe4 Na5 19. b4 Nc6 20. O-O Ne7
21. Nc5 Rb8 22. Nd7 c6 23. Nxf8 Bxf8 24. Bc4 Nf5 25. Rad1 Nd6 26. Ba2 Nb5 27.
Rd3 Nd6 28. d5 Rc8 29. Rc1 Kg7 30. dxc6 bxc6 31. Rdc3 h5 32. Rxc6 Ra8 33. Rc7+
Kf6 34. R1c6 g5 35. Rf7+ Ke5 36. Rc5+ Ke4 37. Bb1# 1-0

[Event "Faxe EMT 2009"]
[Site "Faxe"]
[Date "2009.04.01"]
[Round "3"]
[White "Nielsen, Poul Erik2"]
[Black "Andersen, Hans E"]
[Result "0-1"]
[WhiteElo "1291"]
[BlackElo "1449"]
[PlyCount "126"]
[EventDate "2009.??.??"]

1. Nf3 Nc6 2. d4 e6 3. c4 d5 4. Nc3 Nf6 5. Bf4 Bd6 6. Bg5 a6 7. cxd5 exd5 8.
Nxd5 Be7 9. Nxe7 Qxe7 10. e3 h6 11. Bf4 Bf5 12. Be2 Ne4 13. O-O g5 14. Bg3 h5
15. h3 O-O-O 16. Rc1 Nxg3 17. fxg3 Qxe3+ 18. Kh1 Nxd4 19. Nxd4 Rxd4 20. Qe1 Be6
21. Rf3 Qe5 22. Rfc3 c6 23. Qf2 Rd2 24. Rxc6+ Kb8 25. R6c2 Rhd8 26. Qb6 Qxe2
27. Qxd8+ Rxd8 28. Rxe2 Bxa2 29. Rc3 Be6 30. Re5 g4 31. Rxh5 gxh3 32. gxh3 Rd1+
33. Kg2 Rd2+ 34. Kf3 Rxb2 35. g4 b5 36. Rhc5 b4 37. Rc2 Rb3+ 38. Kg2 Ra3 39.
Rb2 b3 40. Kg3 Kb7 41. Rc3 a5 42. Re3 Bd5 43. Rc3 Ra1 44. Kf4 a4 45. Ke5 Be6
46. Kd6 a3 47. Rbxb3+ Bxb3 48. Rxb3+ Kc8 49. Ke7 Re1+ 50. Kxf7 a2 51. Rc3+ Kd7
52. Rd3+ Kc6 53. Ra3 a1=Q 54. Rxa1 Rxa1 55. g5 Rf1+ 56. Kg7 Kd7 57. h4 Rh1 58.
Kf7 Rxh4 59. g6 Rf4+ 60. Kg7 Ke7 61. Kg8 Kf6 62. g7 Rg4 63. Kh8 Kf7 0-1

[Event "Faxe EMT 2009"]
[Site "Faxe"]
[Date "2009.04.01"]
[Round "3"]
[White "Lillebro, Verner"]
[Black "Hansen, Knud"]
[Result "0-1"]
[WhiteElo "1285"]
[BlackElo "1633"]
[PlyCount "54"]
[EventDate "2009.??.??"]

1. e4 e5 2. Nf3 d6 3. Nc3 Nf6 4. d4 exd4 5. Nxd4 Be7 6. Bc4 O-O 7. O-O a6 8. a4
Nbd7 9. Bf4 Nc5 10. e5 dxe5 11. Bxe5 Ng4 12. Bg3 Bd6 13. Bxd6 Qxd6 14. Nf3 Qxd1
15. Raxd1 c6 16. Rfe1 Bf5 17. Nd4 Bg6 18. h3 Nf6 19. b4 Nce4 20. Nxe4 Nxe4 21.
Re3 Rad8 22. f3 Ng3 23. Bd3 Rxd4 24. Rde1 Rxb4 25. Re7 Bxd3 26. cxd3 Nf5 27.
R7e4 Rxe4 0-1

[Event "Faxe EMT 2009"]
[Site "Faxe"]
[Date "2009.04.01"]
[Round "3"]
[White "Hansen, Arne Mandrup"]
[Black "Andersen, Hans Poul"]
[Result "1/2-1/2"]
[WhiteElo "1397"]
[BlackElo "1269"]
[PlyCount "67"]
[EventDate "2009.??.??"]

1. d4 d5 2. Bf4 e6 3. Nf3 Nc6 4. e3 Bd7 5. c3 a6 6. c4 dxc4 7. Bxc4 Bd6 8. Bg3
Nge7 9. Nc3 h6 10. Bd3 O-O 11. Ne4 Bxg3 12. Nxg3 b5 13. a3 Rb8 14. O-O f5 15.
Rc1 Rc8 16. Rc5 Be8 17. Qc2 Bg6 18. Rxc6 Nxc6 19. Qxc6 Qd6 20. Qc2 c6 21. Ne2
Bh5 22. Ne5 Bxe2 23. Bxe2 c5 24. Qd3 Rfd8 25. f4 cxd4 26. Rd1 Qc5 27. exd4 Qc2
28. Qd2 Qxd2 29. Rxd2 Rc1+ 30. Kf2 Rdc8 31. Nd3 R8c2 32. Rxc2 Rxc2 33. Ke3 Rc6
34. h3 1/2-1/2

[Event "Faxe EMT 2009"]
[Site "Faxe"]
[Date "2009.04.01"]
[Round "3"]
[White "Jakobsen, Henning"]
[Black "Eriksen, Knud Ejler"]
[Result "1-0"]
[WhiteElo "1141"]
[BlackElo "1255"]
[PlyCount "143"]
[EventDate "2009.??.??"]

1. d4 d5 2. c4 c6 3. Nc3 e6 4. Nf3 Nf6 5. Bg5 Nbd7 6. e3 dxc4 7. a4 Bd6 8. Bxc4
O-O 9. O-O Qc7 10. g3 h6 11. Bf4 Bxf4 12. exf4 Rd8 13. Qc2 b6 14. Bd3 Bb7 15.
Ne5 Qc8 16. Qb3 Qc7 17. Rac1 Qd6 18. Rfd1 Nd5 19. Ne4 Qb8 20. Nxc6 Bxc6 21.
Rxc6 Ne7 22. Rc2 Nf5 23. Rc4 Qb7 24. Nc3 Rac8 25. Be4 Qb8 26. Bxf5 exf5 27. Nd5
Rxc4 28. Qxc4 g6 29. Ne7+ Kg7 30. Nc6 Qc8 31. Rc1 Re8 32. Qc3 Nf6 33. d5 Re4
34. b3 Qd7 35. Rd1 h5 36. f3 Re2 37. Qc4 Qe8 38. Ne5 Ra2 39. d6 Nd7 40. Re1 f6
41. Qf7+ Qxf7 42. Nxf7 Kxf7 43. Re7+ Kf8 44. Rxd7 Ke8 45. Rxa7 Ra1+ 46. Kg2 Rd1
47. d7+ Rxd7 48. Rxd7 Kxd7 49. Kf2 Kd6 50. Ke2 Kc5 51. Kd2 Kd4 52. h3 g5 53. h4
g4 54. fxg4 fxg4 55. b4 Kc4 56. a5 Kb5 57. axb6 Kxb6 58. Kd3 Kb5 59. Ke4 Kxb4
60. Kf5 Kc4 61. Kxf6 Kd4 62. Kg5 Ke4 63. f5 Kf3 64. f6 Kxg3 65. f7 Kh3 66. f8=Q
g3 67. Qf3 Kh2 68. Qxg3+ Kxg3 69. Kxh5 Kf4 70. Kg6 Kg4 71. h5 Kh4 72. h6 1-0

[Event "Faxe EMT 2009"]
[Site "Faxe"]
[Date "2009.04.01"]
[Round "3"]
[White "Voigt, Keld"]
[Black "Nielsen, Johannes"]
[Result "0-1"]
[WhiteElo "1180"]
[BlackElo "1000"]
[PlyCount "32"]
[EventDate "2009.??.??"]

1. e4 e5 2. Bc4 Nf6 3. d3 d6 4. h3 Nc6 5. f4 g6 6. fxe5 Nxe5 7. Bb3 Bg7 8. Nf3
Nxf3+ 9. Qxf3 h6 10. Nc3 c6 11. Qg3 Qe7 12. O-O O-O 13. Qxg6 Be6 14. Bxe6 Qxe6
15. Bxh6 fxg6 16. Bxg7 Kxg7 0-1

[Event "Faxe EMT 2009"]
[Site "Faxe"]
[Date "2009.04.15"]
[Round "4"]
[White "Lindskov, Villy"]
[Black "Jensen, Leif"]
[Result "0-1"]
[WhiteElo "1822"]
[BlackElo "1990"]
[PlyCount "136"]
[EventDate "2009.??.??"]

1. e4 e6 2. d4 d5 3. Nd2 dxe4 4. Nxe4 Nd7 5. Nf3 Ngf6 6. Bd3 Nxe4 7. Bxe4 Nf6
8. Bd3 c5 9. O-O Qc7 10. Bb5+ Bd7 11. Bxd7+ Qxd7 12. Bf4 Be7 13. c3 cxd4 14.
Nxd4 O-O 15. Qe2 Nd5 16. Bg3 Bd6 17. Bxd6 Qxd6 18. Rfe1 Rfd8 19. Qe5 Nf4 20.
Rab1 Nd3 21. Qxd6 Rxd6 22. Re3 Nc5 23. Rbe1 Rad8 24. Kf1 Kf8 25. g3 R6d7 26.
R1e2 Na4 27. Rc2 Nb6 28. Ree2 Rd5 29. Nf3 Ra5 30. b3 Rc5 31. c4 Ke7 32. Red2
Rxd2 33. Rxd2 f6 34. Nd4 g6 35. Nb5 a6 36. Nd6 Rc7 37. Ne4 Nd7 38. f3 f5 39.
Nf2 Ne5 40. Ke2 Nc6 41. f4 e5 42. fxe5 Nxe5 43. Nd3 Ng4 44. Nf4 Nf6 45. Nd5+
Nxd5 46. Rxd5 Ke6 47. Rd2 h6 48. h4 g5 49. hxg5 hxg5 50. Kf3 Rh7 51. Kg2 Rd7
52. Rc2 Rd3 53. Kf2 Ke5 54. b4 Kd4 55. c5 Ra3 56. c6 bxc6 57. Rxc6 Rxa2+ 58.
Kg1 Ke4 59. Rc5 Rb2 60. Rc4+ Kf3 61. Rc3+ Kg4 62. Ra3 Rxb4 63. Rxa6 Kxg3 64.
Ra3+ Kg4 65. Kg2 Rb2+ 66. Kg1 f4 67. Ra4 Kg3 68. Ra3+ f3 0-1

[Event "Faxe EMT 2009"]
[Site "Faxe"]
[Date "2009.04.15"]
[Round "4"]
[White "Johannsen, Bjorn"]
[Black "Andersen, Bjarne Hjorth"]
[Result "0-1"]
[WhiteElo "1499"]
[BlackElo "1881"]
[PlyCount "76"]
[EventDate "2009.??.??"]

1. d4 Nf6 2. Bf4 g6 3. e3 Bg7 4. Bd3 Nh5 5. Bg3 c5 6. c3 cxd4 7. exd4 Nc6 8.
Nf3 d6 9. Nbd2 Bg4 10. Qb3 Qc7 11. Ng5 O-O 12. f3 Bd7 13. Nde4 Be8 14. Rc1 Nxd4
15. Qd1 Nf5 16. Bf2 Nf4 17. O-O h6 18. Nh3 Nxh3+ 19. gxh3 Bd7 20. h4 h5 21. Rc2
Bh6 22. Re2 Bc6 23. Nd2 Qd7 24. Rfe1 Bxd2 25. Rxd2 Nh6 26. Be4 Bxe4 27. Rxe4
Nf5 28. Qe1 Qc6 29. Kg2 d5 30. Re5 e6 31. Qg1 Qc4 32. Kh3 Qf4 33. Rxf5 Qxf5+
34. Kg2 b6 35. Be3 Rac8 36. Kf2 Rc4 37. Rd4 Rxd4 38. Bxd4 e5 0-1

[Event "Faxe EMT 2009"]
[Site "Faxe"]
[Date "2009.04.15"]
[Round "4"]
[White "Wehlast, Svend Erik"]
[Black "Eriksen, Keld"]
[Result "1/2-1/2"]
[WhiteElo "1479"]
[BlackElo "1635"]
[PlyCount "97"]
[EventDate "2009.??.??"]

1. d4 e5 2. e3 e4 3. c4 d5 4. Bd2 c5 5. Nc3 cxd4 6. exd4 Nf6 7. h3 Bb4 8. a3
Bxc3 9. bxc3 O-O 10. Bg5 Be6 11. Qb3 dxc4 12. Bxc4 Bxc4 13. Qxc4 Nbd7 14. Ne2
Qa5 15. Bxf6 Nxf6 16. O-O Rac8 17. Qb4 Qa6 18. Rfe1 Rc4 19. Qb3 Rfc8 20. a4 Qc6
21. Qb5 Nd5 22. Reb1 b6 23. a5 Nxc3 24. Nxc3 Rxc3 25. axb6 axb6 26. Qxb6 Qd5
27. Qa7 Qg5 28. Rd1 e3 29. fxe3 Qxe3+ 30. Kh1 g6 31. d5 Qe4 32. Qd4 Rxh3+ 33.
Kg1 Qxd4+ 34. Rxd4 Rhc3 35. d6 Rd8 36. Ra7 Kf8 37. Rc7 Rxd6 38. Rxf7+ Kxf7 39.
Rxd6 Re3 40. Ra6 Re6 41. Ra7+ Re7 42. Ra6 g5 43. Rh6 Kg7 44. Ra6 Rf7 45. Rb6
Rf6 46. Rb8 g4 47. Kh2 h5 48. Kg3 Kg6 49. Kh4 1/2-1/2

[Event "Faxe EMT 2009"]
[Site "Faxe"]
[Date "2009.04.15"]
[Round "4"]
[White "Brinkhard, Anders"]
[Black "Hansen, Knud"]
[Result "1/2-1/2"]
[WhiteElo "1432"]
[BlackElo "1633"]
[PlyCount "99"]
[EventDate "2009.??.??"]

1. Nf3 e6 2. d4 d5 3. Bf4 Nc6 4. c3 h6 5. h3 Nf6 6. e3 a6 7. Nbd2 Be7 8. Bd3
O-O 9. e4 dxe4 10. Nxe4 Nh5 11. Bh2 f5 12. Ng3 Nf6 13. O-O Qe8 14. Ne5 b5 15.
Ne2 Bb7 16. f3 Bd6 17. Kh1 Rd8 18. Qb1 Nd7 19. Nxc6 Bxc6 20. Bxd6 cxd6 21. Qe1
Nf6 22. Rd1 Qf7 23. Bc2 Bd7 24. Bb3 d5 25. Qf2 Kh8 26. Rde1 Rde8 27. Nc1 Bc8
28. Nd3 Nd7 29. Ne5 Nxe5 30. Rxe5 Bd7 31. Rfe1 a5 32. a3 Rb8 33. Qd2 Rfe8 34.
f4 Qg6 35. Bd1 Rf8 36. Qe2 Rf6 37. Kh2 Qf7 38. Qf2 Rg8 39. R1e3 Qf8 40. Rg3 b4
41. cxb4 axb4 42. axb4 Qxb4 43. Rb3 Qd6 44. Rg3 Qb4 45. b3 Kh7 46. Qe3 Rc8 47.
Be2 Qa3 48. h4 Qa1 49. h5 Rc1 50. Rg6 1/2-1/2

[Event "Faxe EMT 2009"]
[Site "Faxe"]
[Date "2009.04.15"]
[Round "4"]
[White "Eckert, Svend"]
[Black "Toftvang, Ove"]
[Result "1-0"]
[WhiteElo "1628"]
[BlackElo "1355"]
[PlyCount "113"]
[EventDate "2009.??.??"]

1. c4 e5 2. e3 Nf6 3. d4 e4 4. f3 b6 5. a3 Bb7 6. Nc3 exf3 7. Nxf3 c6 8. e4 h6
9. Bd3 d6 10. O-O g5 11. Nxg5 hxg5 12. Bxg5 Bg7 13. Qf3 Nbd7 14. Rae1 Qe7 15.
e5 dxe5 16. Bf5 O-O-O 17. dxe5 Qc5+ 18. Kh1 Kb8 19. exf6 Nxf6 20. Bxf6 Bxf6 21.
Qf4+ Ka8 22. Ne4 Qe5 23. Nxf6 Qxf6 24. Be4 Qxf4 25. Rxf4 Rhf8 26. Rf6 Rde8 27.
Kg1 Re6 28. Rxe6 fxe6 29. Bf3 Rf6 30. Rd1 Kb8 31. Rd8+ Kc7 32. Rh8 Rf7 33. b4
a6 34. Rh6 Kd6 35. Bg4 Bc8 36. Rh8 Bb7 37. Rh6 Bc8 38. Rh5 Rf4 39. c5+ bxc5 40.
bxc5+ Ke7 41. Bf3 Bd7 42. Rh7+ Rf7 43. Rxf7+ Kxf7 44. Kf2 Kf6 45. Ke3 Ke5 46.
h4 Kf6 47. g4 e5 48. Ke4 Be8 49. g5+ Ke6 50. Bg4+ Ke7 51. Kxe5 Bf7 52. h5 Bd5
53. g6 Bb3 54. h6 Bc2 55. Bf5 Bb3 56. h7 Bf7 57. h8=Q 1-0

[Event "Faxe EMT 2009"]
[Site "Faxe"]
[Date "2009.04.07"]
[Round "4"]
[White "Nielsen, Johannes"]
[Black "Hansen, Arne Mandrup"]
[Result "0-1"]
[WhiteElo "1000"]
[BlackElo "1397"]
[PlyCount "122"]
[EventDate "2009.??.??"]

1. d4 Nf6 2. Nf3 d5 3. c4 Bf5 4. e3 e6 5. Nc3 c6 6. h3 Bb4 7. Bd3 Bg6 8. O-O
Bd6 9. Re1 Ne4 10. cxd5 exd5 11. Be2 f5 12. Ne5 Qf6 13. Nf3 Nd7 14. a3 O-O 15.
b4 Nxc3 16. Qd2 Nxe2+ 17. Rxe2 Be8 18. Ne1 Bh5 19. f3 Qg6 20. Rf2 Bg3 21. Rf1
Bxe1 22. Qxe1 Rae8 23. Kh2 Qd6+ 24. Kh1 Bg6 25. Ra2 f4 26. Re2 fxe3 27. Bxe3
Nf6 28. Bf2 Rxe2 29. Qxe2 Re8 30. Qd2 Nh5 31. Rc1 Ng3+ 32. Bxg3 Qxg3 33. Kg1
Qd6 34. Kf1 Re6 35. Kf2 Qe7 36. Kf1 Be8 37. Re1 Rxe1+ 38. Qxe1 Qxe1+ 39. Kxe1
Kf7 40. Kd2 Ke6 41. Kc3 Kd6 42. f4 g6 43. g3 b6 44. h4 c5 45. dxc5+ bxc5 46.
bxc5+ Kxc5 47. g4 Bd7 48. f5 gxf5 49. gxf5 Bxf5 50. Kb3 d4 51. a4 Bd3 52. a5
Bc4+ 53. Kb2 Kb4 54. Kc2 d3+ 55. Kd2 Kxa5 56. Kc3 Bb5 57. Kd2 Kb4 58. h5 Kb3
59. h6 Kb2 60. Kd1 a5 61. Kd2 a4 0-1

[Event "Faxe EMT 2009"]
[Site "Faxe"]
[Date "2009.04.15"]
[Round "4"]
[White "Larsen, Paul M"]
[Black "Nielsen, Poul Erik2"]
[Result "1-0"]
[WhiteElo "1613"]
[BlackElo "1291"]
[PlyCount "91"]
[EventDate "2009.??.??"]

1. e4 c5 2. f4 e6 3. Nf3 d6 4. Be2 Nc6 5. O-O g6 6. d4 cxd4 7. Nxd4 Bg7 8. Nxc6
bxc6 9. Bg4 Qb6+ 10. Kh1 Qc7 11. Bf3 Ne7 12. c3 O-O 13. Be3 Ba6 14. Rf2 Rfd8
15. Rd2 Rab8 16. b3 Bb7 17. Bd4 e5 18. Bxa7 Ra8 19. Be3 exf4 20. Bxf4 Be5 21.
Bxe5 dxe5 22. c4 Rxd2 23. Qxd2 Rd8 24. Qf2 Rd4 25. Nc3 Qd6 26. Rd1 Rxd1+ 27.
Nxd1 c5 28. Nc3 Nc6 29. Nd5 Nd4 30. Qh4 Kg7 31. Qe7 Qxe7 32. Nxe7 f5 33. Nd5
fxe4 34. Bxe4 h5 35. g3 g5 36. Nc3 Bxe4+ 37. Nxe4 Ne6 38. Kg2 Kf7 39. Kf3 g4+
40. Ke3 Ke7 41. a3 Nd4 42. Nxc5 Nc2+ 43. Ke4 Kd6 44. Nd3 Nxa3 45. Nxe5 Nc2 46.
Nd3 1-0

[Event "Faxe EMT 2009"]
[Site "Faxe"]
[Date "2009.04.15"]
[Round "4"]
[White "Andersen, Hans E"]
[Black "Christoffersen, Per"]
[Result "1/2-1/2"]
[WhiteElo "1449"]
[BlackElo "1530"]
[PlyCount "116"]
[EventDate "2009.??.??"]

1. e4 e6 2. Nc3 d5 3. exd5 exd5 4. Qe2+ Be7 5. d4 Nf6 6. h3 O-O 7. Be3 Bf5 8.
a3 Nbd7 9. g4 Bg6 10. h4 h6 11. Bg2 c6 12. g5 Nh7 13. gxh6 Re8 14. h5 Bf5 15.
hxg7 Bf6 16. O-O-O Nb6 17. Qf3 Qd7 18. Bh3 Bxh3 19. Rxh3 Nc4 20. Bf4 Ng5 21.
Qg3 Nxh3 22. Nxh3 Qf5 23. h6 Qh7 24. Qg4 Re6 25. Ng5 Bxg5 26. Bxg5 Rae8 27. Qh4
Nd6 28. Rh1 Nf5 29. Qg4 Nd6 30. b3 Re1+ 31. Rxe1 Rxe1+ 32. Kd2 Re6 33. Ne2 Ne4+
34. Kc1 Nxg5 35. Qxg5 Qxh6 36. Qxh6 Rxh6 37. Ng3 Rf6 38. Nh1 Kxg7 39. Kd2 Re6
40. Ng3 Kg6 41. Ne2 Kg5 42. Nc1 Kf4 43. Nd3+ Kf3 44. Ne5+ Kxf2 45. Nxf7 Re2+
46. Kd3 Re3+ 47. Kd2 Re4 48. Kd3 Kf3 49. Ng5+ Kf4 50. Nxe4 dxe4+ 51. Ke2 e3 52.
c4 Ke4 53. d5 cxd5 54. cxd5 Kxd5 55. Kxe3 a5 56. Kd3 b5 57. b4 axb4 58. axb4
Ke5 1/2-1/2

[Event "Faxe EMT 2009"]
[Site "Faxe"]
[Date "2009.04.15"]
[Round "4"]
[White "Hansen, Borge"]
[Black "Strandsbjerg, Jens"]
[Result "0-1"]
[WhiteElo "1511"]
[BlackElo "1529"]
[PlyCount "125"]
[EventDate "2009.??.??"]

1. e4 e6 2. d4 d5 3. e5 c5 4. c3 Nc6 5. Nf3 Qb6 6. a3 Be7 7. Be2 Bd7 8. O-O c4
9. Nbd2 Na5 10. h3 g5 11. Nh2 O-O-O 12. Rb1 Rf8 13. Kh1 f5 14. exf6 Nxf6 15.
Ng4 Nc6 16. Nxf6 Rxf6 17. f3 Bd6 18. b4 Ne7 19. Bxc4 Nf5 20. Bd3 Ng3+ 21. Kg1
Nxf1 22. Nxf1 Bf4 23. Kh1 h5 24. Be2 Qc7 25. Bd2 Rhf8 26. Rc1 Kb8 27. Kg1 e5
28. dxe5 Qxe5 29. Bxf4 Qxf4 30. Qd2 Qxd2 31. Nxd2 g4 32. hxg4 hxg4 33. Kf2 gxf3
34. Nxf3 Re8 35. Rd1 Be6 36. Kg1 Rg8 37. Rd2 Bg4 38. Kf2 Be6 39. Bf1 Rg4 40.
Ke1 Re4+ 41. Kd1 Re3 42. Rd3 Rxd3+ 43. Bxd3 Bg4 44. Be2 Kc7 45. Kd2 Kd6 46. Ke3
Re6+ 47. Kf2 b6 48. Bd3 Rf6 49. Kg3 Bf5 50. Be2 Be4 51. Kf2 Rf8 52. Ke3 Rc8 53.
Kd4 Rg8 54. Bf1 Rg3 55. Ke3 Bxf3 56. gxf3 Rg1 57. Kf2 Rg7 58. f4 Re7 59. Bb5
Ke6 60. Ke3 Rf7 61. a4 Re7 62. a5 bxa5 63. bxa5 0-1

[Event "Faxe EMT 2009"]
[Site "Faxe"]
[Date "2009.04.15"]
[Round "4"]
[White "Christoffersen, Ib"]
[Black "Jakobsen, Henning"]
[Result "1-0"]
[WhiteElo "1421"]
[BlackElo "1141"]
[PlyCount "85"]
[EventDate "2009.??.??"]

1. d4 Nf6 2. Nc3 g6 3. Bf4 d6 4. e4 Bg7 5. h3 O-O 6. Nf3 Nfd7 7. Qd2 Re8 8. Bh6
Nc6 9. Bxg7 Kxg7 10. Bc4 e5 11. d5 Ne7 12. h4 h6 13. h5 g5 14. Nh2 f5 15. O-O-O
Nf6 16. Qe2 g4 17. Nf1 f4 18. g3 f3 19. Qd2 Rg8 20. Ne3 Qe8 21. Bd3 Kh7 22. Nb5
Qd8 23. Qc3 Ne8 24. Qd2 a6 25. Nc3 Rg5 26. Rh4 Nf6 27. Rf1 Rxh5 28. Rxh5 Nxh5
29. Rh1 Qe8 30. Nf5 Ng8 31. Nd1 Qg6 32. Nde3 Qg5 33. Kb1 Bxf5 34. exf5 Ngf6 35.
Qc3 Rc8 36. Qe1 e4 37. Bc4 b5 38. Bb3 Ng7 39. c3 Nxf5 40. Nxf5 Qxf5 41. Qe3 Qg5
42. Qxg5 Ng8 43. Qf5+ 1-0

[Event "Faxe EMT 2009"]
[Site "Faxe"]
[Date "2009.04.15"]
[Round "4"]
[White "Andersen, Hans Poul"]
[Black "Lillebro, Verner"]
[Result "1/2-1/2"]
[WhiteElo "1269"]
[BlackElo "1285"]
[PlyCount "91"]
[EventDate "2009.??.??"]

1. e4 e5 2. Bc4 Bc5 3. Nf3 Nc6 4. a3 Nf6 5. d3 d5 6. Bxd5 Nxd5 7. exd5 Qxd5 8.
Nc3 Qd8 9. h3 Bf5 10. O-O O-O 11. Ne4 Bb6 12. c3 Qd7 13. Be3 Rad8 14. Bxb6 axb6
15. Nh4 Be6 16. Nf3 Qxd3 17. Qxd3 Rxd3 18. Ne1 Rd7 19. f4 Bf5 20. Ng3 Be6 21.
Rf2 Rfd8 22. fxe5 Nxe5 23. Re2 f6 24. Nf1 Bc4 25. Re3 c5 26. Ng3 Bb3 27. Ne4
Ba4 28. Nf2 c4 29. Nf3 Nd3 30. Nxd3 cxd3 31. Nd2 Kf7 32. Rf1 Bb5 33. c4 Bc6 34.
b3 b5 35. cxb5 Bxb5 36. a4 Ba6 37. Rc1 b5 38. axb5 Bxb5 39. Rc3 g5 40. Rc5 Rb8
41. Kh2 Kg6 42. Re4 Ba6 43. Re6 Bc8 44. Ne4 Rf7 45. Re8 Bf5 46. Rxb8 1/2-1/2

[Event "Faxe EMT 2009"]
[Site "Faxe"]
[Date "2009.04.15"]
[Round "4"]
[White "Voigt, Keld"]
[Black "Eriksen, Knud Ejler"]
[Result "1-0"]
[WhiteElo "1180"]
[BlackElo "1255"]
[PlyCount "101"]
[EventDate "2009.??.??"]

1. e4 e5 2. d3 Nf6 3. Nf3 d6 4. Nc3 Bg4 5. h3 Bh5 6. Be2 h6 7. Nh4 Bxe2 8. Qxe2
Nc6 9. Nf5 g6 10. Ng3 Nd4 11. Qd1 Bg7 12. Nce2 Nxe2 13. Qxe2 Qd7 14. O-O Qc6
15. c4 a5 16. a4 b6 17. b3 O-O 18. f4 exf4 19. Bxf4 Rae8 20. Rab1 Nd7 21. Kh1
f5 22. Qd2 Kh7 23. exf5 Rf6 24. fxg6+ Rxg6 25. d4 d5 26. Qd3 Nf6 27. Be5 dxc4
28. bxc4 Re7 29. Rb5 Nd7 30. Bxg7 Rexg7 31. Rd5 Kh8 32. Rf3 Rg8 33. Rdf5 Qe6
34. d5 Qe1+ 35. Kh2 Ne5 36. Qd4 Kh7 37. Qxe5 Qxe5 38. Rxe5 R8g7 39. Re6 Rg5 40.
Rfe3 R5g6 41. Rxg6 Kxg6 42. Kg1 Kf6 43. Nh5+ Kf7 44. Nxg7 Kxg7 45. Rf3 Kg6 46.
Kf2 Kg5 47. Ke3 h5 48. Ke4 h4 49. Ke5 Kg6 50. Ke6 Kg5 51. Kd7 1-0

[Event "Faxe EMT 2009"]
[Site "Faxe"]
[Date "2009.04.22"]
[Round "5"]
[White "Thomsen, Peter"]
[Black "Refsgaard, Kaj"]
[Result "1-0"]
[WhiteElo "1766"]
[BlackElo "1524"]
[PlyCount "53"]
[EventDate "2009.??.??"]

1. e4 c5 2. Nf3 Nc6 3. c3 g6 4. d4 cxd4 5. cxd4 Bg7 6. Nc3 d6 7. h3 Nf6 8. Bc4
O-O 9. Be3 a6 10. Rc1 b5 11. Bd3 Bb7 12. d5 Nb8 13. Qd2 Re8 14. O-O Nbd7 15.
Ne2 Rc8 16. Rxc8 Qxc8 17. Rc1 Qb8 18. b4 Rc8 19. Ned4 Rxc1+ 20. Qxc1 Ne8 21.
Nc6 Bxc6 22. Qxc6 Qc7 23. Qxa6 Ne5 24. Nxe5 Bxe5 25. Qc6 Bc3 26. Qxe8+ Kg7 27.
Qc6 1-0

[Event "Faxe EMT 2009"]
[Site "Faxe"]
[Date "2009.04.22"]
[Round "5"]
[White "Lillebro, Verner"]
[Black "Nielsen, Johannes"]
[Result "1-0"]
[WhiteElo "1285"]
[BlackElo "1000"]
[PlyCount "47"]
[EventDate "2009.??.??"]

1. e4 e5 2. Nf3 Nc6 3. Bb5 d6 4. O-O Nf6 5. Nc3 Bd7 6. d4 exd4 7. Nxd4 Nxd4 8.
Bxd7+ Nxd7 9. Qxd4 f6 10. Bf4 Be7 11. Rad1 c6 12. Bxd6 Bxd6 13. Qxd6 Qe7 14.
Qd4 O-O 15. Qxd7 Qxd7 16. Rxd7 b6 17. Rfd1 h6 18. Ne2 a5 19. Nf4 Kh7 20. f3
Rae8 21. R1d6 Rc8 22. Nh5 Kg6 23. g4 Rf7 24. Nf4+ 1-0

[Event "Faxe EMT 2009"]
[Site "Faxe"]
[Date "2009.04.22"]
[Round "5"]
[White "Hansen, Egon"]
[Black "Eckert, Svend"]
[Result "1-0"]
[WhiteElo "1427"]
[BlackElo "1628"]
[PlyCount "51"]
[EventDate "2009.??.??"]

1. e4 e5 2. Nf3 d6 3. d4 Bg4 4. Be2 Nf6 5. Nc3 Bxf3 6. Bxf3 exd4 7. Qxd4 Nc6 8.
Qa4 Qd7 9. Bf4 Ne5 10. Qxd7+ Nfxd7 11. Be2 O-O-O 12. a4 a6 13. b4 f6 14. Rb1 g5
15. Be3 h5 16. a5 c6 17. O-O g4 18. Na4 c5 19. b5 axb5 20. Rxb5 Nc6 21. Rfb1
Bh6 22. Rxb7 Nxa5 23. Ra7 c4 24. Rxa5 Bxe3 25. fxe3 Ne5 26. Nb6+ 1-0

[Event "Faxe EMT 2009"]
[Site "Faxe"]
[Date "2009.04.22"]
[Round "5"]
[White "Toftvang, Ove"]
[Black "Voigt, Keld"]
[Result "0-1"]
[WhiteElo "1355"]
[BlackElo "1180"]
[PlyCount "118"]
[EventDate "2009.??.??"]

1. g3 e5 2. Bg2 Bc5 3. e3 d6 4. b3 Nf6 5. Bb2 c6 6. d4 exd4 7. exd4 Bb4+ 8. c3
Ba5 9. Ne2 Bg4 10. f3 Be6 11. O-O O-O 12. Nf4 Bc7 13. Qd3 d5 14. Nxe6 fxe6 15.
f4 Nbd7 16. Nd2 e5 17. fxe5 Ng4 18. Nf3 Bb6 19. Bc1 Ngxe5 20. Qe2 Nxf3+ 21.
Bxf3 Qe8 22. Qg2 Ne5 23. Bf4 Nxf3+ 24. Rxf3 Qg6 25. Raf1 Rae8 26. b4 Rf7 27.
Be5 Rxf3 28. Qxf3 Qe6 29. Rf2 Qe7 30. Qf4 Rf8 31. Qe3 Rxf2 32. Kxf2 Qf7+ 33.
Kg2 a5 34. a3 axb4 35. axb4 Qg6 36. Kh3 Qf5+ 37. g4 Qe6 38. Kg3 Bd8 39. h4 h6
40. Kh3 h5 41. Qg3 g5 42. hxg5 Bxg5 43. Qf3 Qxg4+ 44. Qxg4 hxg4+ 45. Kxg4 Bd2
46. Kf3 Bxc3 47. b5 cxb5 48. Ke3 b4 49. Kd3 b5 50. Kc2 Kf7 51. Kb3 Ke6 52. Bc7
Kf5 53. Bd8 Ke4 54. Bb6 Bxd4 55. Bxd4 Kxd4 56. Kxb4 Ke3 57. Kxb5 d4 58. Kc4 d3
59. Kc3 Ke2 0-1

[Event "Faxe EMT 2009"]
[Site "Faxe"]
[Date "2009.04.22"]
[Round "5"]
[White "Hansen, Knud"]
[Black "Strandsbjerg, Jens"]
[Result "1/2-1/2"]
[WhiteElo "1633"]
[BlackElo "1529"]
[PlyCount "63"]
[EventDate "2009.??.??"]

1. e4 e6 2. d4 d5 3. exd5 exd5 4. Nf3 Bd6 5. Be2 Nf6 6. h3 O-O 7. O-O h6 8. Nc3
c6 9. Bd3 Re8 10. Re1 Be6 11. Be3 Nbd7 12. Qd2 Qc7 13. a3 b5 14. Qc1 a5 15. Ne2
Ne4 16. Bxe4 dxe4 17. Nd2 Bf5 18. Nf1 Bg6 19. c3 f5 20. Nf4 Bf7 21. Ne2 Re6 22.
Bf4 Bxf4 23. Qxf4 Qxf4 24. Nxf4 Rf6 25. Rad1 g5 26. Ne2 f4 27. Nc1 Re8 28. Rd2
a4 29. Rde2 Bd5 30. Nd2 Rfe6 31. b3 Nb6 32. b4 1/2-1/2

[Event "Faxe EMT 2009"]
[Site "Faxe"]
[Date "2009.04.22"]
[Round "5"]
[White "Eriksen, Keld"]
[Black "Andersen, Hans E"]
[Result "1-0"]
[WhiteElo "1635"]
[BlackElo "1449"]
[PlyCount "43"]
[EventDate "2009.??.??"]

1. e4 e5 2. d4 exd4 3. Nf3 c5 4. c3 dxc3 5. Nxc3 Nc6 6. Bc4 h6 7. O-O Nf6 8. e5
Nh7 9. Qb3 Qe7 10. Nd5 Qd8 11. Bf4 Na5 12. Qc3 Nxc4 13. Qxc4 Be7 14. e6 O-O 15.
exf7+ Rxf7 16. Ne5 b5 17. Qxb5 d6 18. Nxf7 Kxf7 19. Rfe1 Be6 20. Rad1 Rb8 21.
Qe2 Nf8 22. Nxe7 1-0